Language Quiz

Random Language Quiz

Polish Declension: książę and ksiądz Quiz Stats

 Plays Quiz not verified by Sporcle

Also try: 'UN' or 'IN' A-Z
Challenge
Share
Tweet
Embed
Score 0/28 Timer 04:00
0 Plays Today
Hint Answer % Correct
książę (NOM.SG)książę
96%
ksiądz (NOM.SG)ksiądz
72%
książę (GEN.SG)księcia
68%
książę (DAT.SG)księciu
68%
książę (LOC.SG)księciu
68%
książę (VOC.SG)książę
68%
książę (INS.SG)księciem
66%
ksiądz (GEN.SG)księdza
66%
książę (ACC.SG)księcia
64%
ksiądz (INS.SG)księdzem
64%
książę (NOM.PL)książęta
62%
ksiądz (DAT.SG)księdzu
62%
ksiądz (LOC.SG)księdzu
62%
książę (GEN.PL)książąt
60%
Hint Answer % Correct
książę (INS.PL)książętami
60%
książę (VOC.PL)książęta
60%
książę (DAT.PL)książętom
58%
książę (LOC.PL)książętach
58%
ksiądz (ACC.SG)księdza
58%
książę (ACC.PL)książąt
56%
ksiądz (NOM.PL)księża
54%
ksiądz (GEN.PL)księży
52%
ksiądz (DAT.PL)księżom
52%
ksiądz (ACC.PL)księży
48%
ksiądz (LOC.PL)księżach
44%
ksiądz (VOC.PL)księża
44%
ksiądz (VOC.SG)księże
40%
ksiądz (INS.PL)księżmi
40%

You're not logged in!

Compare scores with friends on all Sporcle quizzes.
OR
Log In

You Might Also Like...

Show Comments

Extras

Top Quizzes Today


Score Distribution

Your Account Isn't Verified!

In order to create a playlist on Sporcle, you need to verify the email address you used during registration. Go to your Sporcle Settings to finish the process.

Report this User

Report this user for behavior that violates our Community Guidelines.

Details: